header

The power of purpose (Record no. 57105)

MARC details
000 -LEADER
fixed length control field 01130nam a2200289Ia 4500
100 1# - MAIN ENTRY--AUTHOR NAME
Personal name Leider, Richard.
245 14 - TITLE STATEMENT
Title The power of purpose
260 ## - PUBLICATION, DISTRIBUTION, ETC. (IMPRINT)
Place of publication San Francisco :
Name of publisher Berrett-Koehler Publishers,
Year of publication c2004.
300 ## - PHYSICAL DESCRIPTION
Number of Pages ix, 162 p.
650 #0 - SUBJECT ADDED ENTRY--TOPICAL TERM
Topical Term Conduct of life.
Topical Term Vocation.
856 40 - ELECTRONIC LOCATION AND ACCESS
Uniform Resource Identifier http://site.ebrary.com/lib/rucke/Doc?id=10315394

No items available.

© 2026 Rongo University
Contact us: librarian | system librarian | Rongo university